000
00204 a2200097 4500
001
30256
100
_a
Smythe, Pat
245
_a
Jump for Joy
260
_a
London
_b
Cassell & Co
_c
090
_c
20199
_d
20199
942
_a
NUST-CAE
_c
M
_c
11335
999
_c
265329
_d
265329